Largest Cities Between 20°N and 30°N Latitude - Statistics

General Stats
  • This quiz has been taken 17 times
  • The average score is 23 of 30
Answer Stats
# Population Continent Coordinates Answer % Correct
2 35,700,000 Asia 28°36′36″N 77°13′48″E Delhi
100%
3 23,100,000 Asia 23°48′15″N 90°24′55″E Dhaka
100%
1 72,700,000 Asia 23°07′48″N 113°15′36″E Guangzhou
100%
15 7,500,000 Asia 22°18′N 114°12′E Hong Kong
100%
5 17,900,000 Asia 22°34′3″N 88°22′12″E Kolkata
100%
7 12,900,000 Asia 29°33′49″N 106°33′01″E Chóngqìng
92%
4 21,000,000 Asia 24°51′36″N 67°0′36″E Karachi
92%
9 10,100,000 Asia 25°02′15″N 121°33′45″E Taipei
92%
23 5,950,000 North America 20°40′36″N 103°20′51″W Guadalajara
83%
20 6,300,000 North America 25°46′N 80°12′W Miami
83%
21 6,150,000 North America 25°41′4″N 100°19′5″W Monterrey
83%
13 7,700,000 Asia 24°38′N 46°43′E Riyadh
83%
6 15,400,000 Asia 24°28′47″N 118°05′20″E Xiàmén
83%
10 9,900,000 Asia 23°01′21″N 72°34′17″E Ahmedabad
75%
8 11,500,000 Asia 28°13′41″N 112°56′20″E Chángshā
75%
22 6,050,000 Asia 25°15′47″N 55°17′50″E Dubai
75%
16 7,350,000 Asia 21.00°N 105.85°E Hà Noi
75%
17 7,200,000 North America 29°45′46″N 95°22′59″W Houston
75%
24 5,550,000 Asia 22°49′00″N 108°19′39″E Nánníng
75%
11 8,050,000 Asia 21°12′18″N 72°50′24″E Sūrat
75%
27 5,050,000 North America 27°56′51″N 82°27′31″W Tampa
75%
27 5,050,000 Asia 22°20′06″N 91°49′57″E Chittagong
67%
30 4,775,000 Asia 26°04′27″N 119°17′47″E Fúzhōu
67%
19 6,800,000 Asia 25°02′47″N 102°42′34″E Kūnmíng
67%
14 7,600,000 Asia 29°51′37″N 121°37′28″E Níngbō
58%
11 8,050,000 Asia 23°21′14″N 116°40′55″E Shàntóu
58%
18 7,000,000 Asia 27°59′38″N 120°41′57″E Wenzhou
58%
27 5,050,000 Asia 29°22′11″N 47°58′42″E Kuwait City
50%
26 5,150,000 Asia 28°40′59″N 115°51′29″E Nánchāng
50%
25 5,300,000 Asia 26°38′49″N 106°37′48″E Guìyáng
42%
No matching quizzes found
Score Distribution
Percent of People with Each Score
Percentile by Number Answered
Your Score History
You have not taken this quiz